[Event "XXXIV Memorial Edoardo Crespi A"]
[Site "Milano ITA"]
[Date "2013.12.07"]
[Round "5"]
[White "Saffioti, Massimo"]
[Black "Blasco, Domenico"]
[WhiteElo "1923"]
[BlackElo "1886"]
[Result "1/2-1/2"]
[PlyCount "97"]
[EventDate "2013.12.04"]

1. c4 e5 2. Nc3 Nc6 3. g3 g6 4. d3 Bg7 5. e4 d6 6. h3 Nge7 7. Nge2 O-O 8. Bg2
f5 9. O-O h6 10. Rb1 g5 11. exf5 Nxf5 12. b4 Nfd4 13. b5 Nxe2+ 14. Nxe2 Ne7 15.
Bb2 c5 16. bxc6 Nxc6 17. Nc3 Be6 18. Ne4 Qd7 19. g4 Rad8 20. Ba3 Qc7 21. Nc3
Kh8 22. Nd5 Bxd5 23. Bxd5 b6 24. Bc1 Rf6 25. Be3 Ne7 26. Bg2 Ng6 27. Be4 Nf4
28. Bxf4 Rxf4 29. f3 Rff8 30. Rb5 Rb8 31. Qe1 a6 32. Rd5 b5 33. Qb4 bxc4 34.
Qxd6 Qxd6 35. Rxd6 cxd3 36. Rxd3 Rfd8 37. Rfd1 Rd4 38. Rxd4 exd4 39. Rb1 Rxb1+
40. Bxb1 Kg8 41. Kg2 Kf7 42. h4 Ke6 43. hxg5 hxg5 44. Kf2 a5 45. Ke2 Kd5 46.
Kd3 Be5 47. Bc2 Bf4 48. Bb3+ Kc5 49. Be6 1/2-1/2

[Event "XXXIV Memorial Edoardo Crespi A"]
[Site "Milano ITA"]
[Date "2013.12.07"]
[Round "5"]
[White "Sannino, Raffaele"]
[Black "Corso, Gabriele"]
[WhiteElo "2018"]
[BlackElo "1769"]
[Result "1-0"]
[PlyCount "73"]
[EventDate "2013.12.04"]

1. Nf3 d5 2. c4 c6 3. e3 Nf6 4. Nc3 Bg4 5. Qb3 Qb6 6. Qxb6 axb6 7. cxd5 Nxd5 8.
Nxd5 cxd5 9. Bb5+ Bd7 10. Be2 Nc6 11. O-O e5 12. a3 Bd6 13. d3 O-O 14. Bd2 Na5
15. Bc3 f6 16. Nd2 Nc6 17. b4 d4 18. Bb2 b5 19. Nf3 dxe3 20. fxe3 Bg4 21. Rac1
Rfd8 22. Rfd1 Rac8 23. Kf2 Ne7 24. h3 Bh5 25. Nd2 Bxe2 26. Kxe2 Bc7 27. Ne4 b6
28. Nc3 Kf7 29. Nxb5 Bb8 30. d4 exd4 31. Bxd4 Rxc1 32. Rxc1 Be5 33. Bxe5 fxe5
34. Rc7 Ke6 35. Rb7 Rc8 36. Rxb6+ Kd5 37. e4+ 1-0

[Event "XXXIV Memorial Edoardo Crespi A"]
[Site "Milano ITA"]
[Date "2013.12.07"]
[Round "5"]
[White "Ventura, Salvatore"]
[Black "Tagliaferri, Valerio"]
[WhiteElo "2024"]
[BlackElo "1874"]
[Result "1-0"]
[PlyCount "75"]
[EventDate "2013.12.04"]

1. e4 c6 2. d4 d5 3. Nc3 dxe4 4. Nxe4 Bf5 5. Ng3 Bg6 6. h4 h6 7. Nf3 Nf6 8. h5
Bh7 9. Bd3 Bxd3 10. Qxd3 Nbd7 11. Bd2 Qc7 12. O-O-O O-O-O 13. Qe2 e6 14. Ne5
Nxe5 15. dxe5 Nd5 16. f4 Kb8 17. Ne4 Rg8 18. Kb1 Be7 19. Rh3 Nb6 20. Ba5 Rxd1+
21. Qxd1 Rd8 22. Rd3 Rxd3 23. Qxd3 Qd8 24. Nd6 Bxd6 25. exd6 Qd7 26. c4 f6 27.
b3 Nc8 28. Bc7+ Ka8 29. Qd4 b6 30. g4 Kb7 31. a4 c5 32. Qe4+ Ka6 33. Qd3 Kb7
34. a5 Ka6 35. b4 cxb4 36. c5+ Kb7 37. Qe4+ Qc6 38. a6+ 1-0

[Event "XXXIV Memorial Edoardo Crespi A"]
[Site "Milano ITA"]
[Date "2013.12.08"]
[Round "6"]
[White "Baltzopoulos, Giorgos"]
[Black "Barberi, Alessandro"]
[WhiteElo "1975"]
[BlackElo "2041"]
[Result "0-1"]
[PlyCount "122"]
[EventDate "2013.12.04"]

1. d4 g6 2. c4 Bg7 3. e4 d6 4. Nc3 Nd7 5. Nf3 c6 6. Be3 Ngf6 7. Be2 Qc7 8. Rb1
e5 9. dxe5 dxe5 10. Nd2 O-O 11. Qc2 Rd8 12. c5 Nf8 13. Nc4 Ne6 14. b4 Nd4 15.
Qb2 Be6 16. O-O h6 17. a4 Ne8 18. Rfc1 Qe7 19. Bf1 f5 20. f3 f4 21. Bf2 g5 22.
b5 Rac8 23. Na5 h5 24. Ne2 Rd7 25. Nxd4 exd4 26. Nb3 d3 27. Qd2 Be5 28. Qb4
Rcd8 29. Rd1 g4 30. Nd2 g3 31. Be1 Bd4+ 32. Kh1 Bxc5 33. Qc3 Bd4 34. Qxd3 Bf2
35. Qe2 Bb6 36. Nc4 Qh4 37. h3 Bd4 38. bxc6 bxc6 39. Ba5 Rc8 40. e5 c5 41. Qe4
Qg5 42. Bd3 Bxh3 43. Qg6+ Qxg6 44. Bxg6 Be6 45. Na3 Rg7 46. Bc2 Bxe5 47. Re1
Rg5 48. Rb7 Ng7 49. Nb5 Bd5 50. Rxa7 h4 51. Nc3 Bc6 52. Ne4 Bxe4 53. Bxe4 h3
54. Bd5+ Kh8 55. Ra6 Bf6 56. Rxf6 Rxd5 57. Rh6+ Kg8 58. Rxh3 c4 59. Bc3 Rd3 60.
Be5 Re8 61. Rh4 Rxe5 0-1

[Event "XXXIV Memorial Edoardo Crespi A"]
[Site "Milano ITA"]
[Date "2013.12.08"]
[Round "6"]
[White "Bisignano, Giuseppe"]
[Black "Donadi, Luca"]
[WhiteElo "1922"]
[BlackElo "1750"]
[Result "0-1"]
[PlyCount "86"]
[EventDate "2013.12.04"]

1. e4 e5 2. Nf3 Nf6 3. d4 Nxe4 4. Bd3 d5 5. Nxe5 Bd6 6. O-O O-O 7. Re1 Re8 8.
Nf3 Bg4 9. c4 Nf6 10. Rxe8+ Qxe8 11. Bg5 Bxf3 12. Qxf3 Qe1+ 13. Bf1 Ne4 14. Be3
Bxh2+ 15. Kxh2 Qxf1 16. cxd5 Nd6 17. b3 Nd7 18. Bd2 Re8 19. Bc3 Re2 20. Nd2
Qxf2 21. Qxf2 Rxf2 22. Re1 Kf8 23. Nc4 Rf5 24. Ne5 Nf6 25. Bb4 g6 26. Nf3 Nxd5
27. Ba3 Kg7 28. Bxd6 cxd6 29. Nd2 Rf4 30. Nc4 Rxd4 31. Nxd6 Rd2 32. a4 Rd3 33.
Nxb7 Rxb3 34. Nc5 Rc3 35. Nb7 Rc4 36. Rd1 Nf6 37. Re1 Rxa4 38. Re7 Rd4 39. Nc5
Rc4 40. Ne6+ Kg8 41. Ng5 Rf4 42. Rxa7 Rf5 43. Nf3 h5 0-1

[Event "XXXIV Memorial Edoardo Crespi A"]
[Site "Milano ITA"]
[Date "2013.12.08"]
[Round "6"]
[White "Blasco, Domenico"]
[Black "Oteri, Aldo"]
[WhiteElo "1886"]
[BlackElo "1776"]
[Result "0-1"]
[PlyCount "48"]
[EventDate "2013.12.04"]

1. d4 Nf6 2. Nf3 b6 3. e3 Bb7 4. Bd3 e6 5. Nbd2 Be7 6. O-O d5 7. b3 O-O 8. Bb2
c5 9. Ne5 Nc6 10. a3 cxd4 11. exd4 Rc8 12. f4 Qc7 13. Nxc6 Qxc6 14. Re1 Qc7 15.
f5 Bd6 16. Nf3 Ne4 17. fxe6 fxe6 18. c4 Rxf3 19. gxf3 Bxh2+ 20. Kf1 Qg3 21.
Bxe4 dxe4 22. Ke2 Qxf3+ 23. Kd2 Qd3+ 24. Kc1 Bf4+ 0-1

[Event "XXXIV Memorial Edoardo Crespi A"]
[Site "Milano ITA"]
[Date "2013.12.08"]
[Round "6"]
[White "Cerutti, Fabio Maria"]
[Black "Paganini, Andrea"]
[WhiteElo "1772"]
[BlackElo "1878"]
[Result "0-1"]
[PlyCount "56"]
[EventDate "2013.12.04"]

1. e4 e5 2. Nf3 Nc6 3. Bb5 g6 4. O-O Bg7 5. d3 Nge7 6. Nc3 a6 7. Ba4 b5 8. Bb3
Na5 9. Bd2 Nxb3 10. axb3 Bb7 11. Qc1 h5 12. Re1 d6 13. Ng5 Qd7 14. f4 f6 15.
Nh3 O-O-O 16. Na2 d5 17. fxe5 dxe4 18. exf6 Bxf6 19. Nf2 exd3 20. Nxd3 Qg4 21.
Nf4 g5 22. h3 Qg3 23. Re2 gxf4 24. Bxf4 Bd4+ 25. Be3 Be5 26. Qe1 Qh2+ 27. Kf1
Rhf8+ 28. Rf2 Qxg2+ 0-1

[Event "XXXIV Memorial Edoardo Crespi A"]
[Site "Milano ITA"]
[Date "2013.12.08"]
[Round "6"]
[White "Delledonne, Francesco"]
[Black "Moreschi, Mauro"]
[WhiteElo "1935"]
[BlackElo "1811"]
[Result "1/2-1/2"]
[PlyCount "56"]
[EventDate "2013.12.04"]

1. e4 d6 2. d4 Nf6 3. Nc3 e5 4. Nf3 Nbd7 5. g4 exd4 6. Nxd4 Ne5 7. h3 g6 8. Be3
a6 9. a4 h5 10. f4 hxg4 11. fxe5 dxe5 12. Nde2 Qxd1+ 13. Rxd1 gxh3 14. Nd5 Nxd5
15. Rxd5 f6 16. Ng1 Rh4 17. Bxh3 Rxe4 18. Kd2 Rh4 19. Bd7+ Bxd7 20. Rxh4 Be6
21. Rd3 g5 22. Rh8 Kf7 23. Bc5 Bxc5 24. Rxa8 Bxg1 25. Rb8 b5 26. axb5 axb5 27.
Rdd8 Bb6 28. Rg8 Ba5+ 1/2-1/2

[Event "XXXIV Memorial Edoardo Crespi A"]
[Site "Milano ITA"]
[Date "2013.12.08"]
[Round "6"]
[White "Laurino, Alberto"]
[Black "Miracola, Giorgia"]
[WhiteElo "1787"]
[BlackElo "1866"]
[Result "0-1"]
[PlyCount "54"]
[EventDate "2013.12.04"]

1. e4 c5 2. Nf3 e6 3. d4 cxd4 4. Nxd4 Nf6 5. Nc3 d6 6. Bd3 Nc6 7. Be3 Be7 8.
O-O O-O 9. Nxc6 bxc6 10. f4 Qc7 11. Rf3 Ng4 12. Qe2 Nxe3 13. Qxe3 Rb8 14. Rb1
Bf6 15. Na4 Rb4 16. e5 dxe5 17. Rh3 h6 18. b3 exf4 19. Qf3 Qe5 20. c4 Qd4+ 21.
Kf1 e5 22. g4 c5 23. Nc3 Bb7 24. Nd5 Bxd5 25. cxd5 e4 26. Bxe4 Qxe4 27. Qxe4
Rxe4 0-1

[Event "XXXIV Memorial Edoardo Crespi A"]
[Site "Milano ITA"]
[Date "2013.12.08"]
[Round "6"]
[White "Mouflih, Caesar Faycal"]
[Black "Darvishi, Mahmood"]
[WhiteElo "2026"]
[BlackElo "2035"]
[Result "0-1"]
[PlyCount "73"]
[EventDate "2013.12.04"]

1. e4 c5 2. Nf3 Nc6 3. d4 cxd4 4. Nxd4 Nf6 5. Nc3 e5 6. Ndb5 d6 7. Bg5 a6 8.
Na3 b5 9. Nd5 Be7 10. Bxf6 Bxf6 11. c3 O-O 12. h4 Be6 13. Nc2 Bxd5 14. Qxd5 Ne7
15. Qb3 Qb6 16. Ne3 Rab8 17. a3 a5 18. Bd3 Rfd8 19. g3 Qc5 20. O-O d5 21. Ng4
Rd6 22. Rad1 h5 23. Nxf6+ gxf6 24. exd5 f5 25. Be2 Kg7 26. c4 f4 27. gxf4 Ng6
28. Qe3 Qxe3 29. fxe3 bxc4 30. fxe5 Nxe5 31. Rf5 f6 32. Rd2 Rdb6 33. Rf2 Rxb2
34. Rxb2 Rxb2 35. Bxc4 Rxf2 36. Bb5 Rd2 37. e4 0-1

[Event "XXXIV Memorial Edoardo Crespi A"]
[Site "Milano ITA"]
[Date "2013.12.08"]
[Round "6"]
[White "Pecorario, Stefano"]
[Black "Di Lascio, Savino"]
[WhiteElo "1800"]
[BlackElo "1893"]
[Result "0-1"]
[PlyCount "96"]
[EventDate "2013.12.04"]

1. e4 c6 2. Nf3 d5 3. Nc3 dxe4 4. Nxe4 Nf6 5. Nxf6+ gxf6 6. g3 Qd5 7. Qe2 Bh6
8. Bg2 Bf5 9. Nh4 Qe6 10. Nxf5 Qxf5 11. c3 Na6 12. O-O Nc7 13. Re1 e6 14. d4
Bg7 15. a4 h5 16. b4 h4 17. Bf4 Nd5 18. Bxd5 Qxd5 19. Rab1 Bh6 20. Bxh6 hxg3
21. fxg3 Rxh6 22. b5 c5 23. Rbd1 c4 24. Rf1 a6 25. Rb1 Kd7 26. Rf2 Rg8 27. Qf3
Qxf3 28. Rxf3 a5 29. Rbf1 f5 30. Re1 Kd6 31. Re5 b6 32. Re2 Rg4 33. Kg2 Rhg6
34. Kf2 Rg7 35. Re1 f6 36. Rf4 Rxf4+ 37. gxf4 Rg4 38. Kf3 Kd5 39. Rh1 e5 40.
fxe5 fxe5 41. dxe5 Kxe5 42. Re1+ Kf6 43. h3 Rg8 44. h4 Rd8 45. h5 Rd3+ 46. Re3
Rd2 47. Kg3 Kg5 48. h6 f4+ 0-1

[Event "XXXIV Memorial Edoardo Crespi A"]
[Site "Milano ITA"]
[Date "2013.12.08"]
[Round "6"]
[White "Pedemonte, Claudio"]
[Black "Ciciotti, Augusto"]
[WhiteElo "1846"]
[BlackElo "1934"]
[Result "1-0"]
[PlyCount "41"]
[EventDate "2013.12.04"]

1. c4 Nf6 2. Nc3 g6 3. e4 d6 4. g3 Bg7 5. Bg2 O-O 6. Nge2 e5 7. O-O Nc6 8. d3
h6 9. h3 Be6 10. Be3 Qd7 11. Kh2 a6 12. Qd2 Kh7 13. f4 Ne7 14. Nd5 Bxd5 15.
cxd5 c6 16. dxc6 Nxc6 17. d4 Rfe8 18. d5 Ne7 19. Rf2 Nh5 20. fxe5 dxe5 21. Rxf7
1-0

[Event "XXXIV Memorial Edoardo Crespi A"]
[Site "Milano ITA"]
[Date "2013.12.08"]
[Round "6"]
[White "Pedroni, Marco"]
[Black "Murli, Almerico"]
[WhiteElo "1923"]
[BlackElo "1817"]
[Result "1/2-1/2"]
[PlyCount "78"]
[EventDate "2013.12.04"]

1. e4 g6 2. d4 Bg7 3. Nf3 d6 4. Bc4 Nf6 5. Nc3 O-O 6. O-O c6 7. h3 Qc7 8. Bf4
Nbd7 9. Qe2 e5 10. dxe5 dxe5 11. Bh2 Nh5 12. Rad1 Nc5 13. g4 Nf4 14. Bxf4 exf4
15. Nd4 Ne6 16. Nxe6 Bxe6 17. Bxe6 fxe6 18. Rd3 Rad8 19. Rfd1 Bf6 20. Rxd8 Rxd8
21. Rxd8+ Qxd8 22. Qd3 Qxd3 23. cxd3 Bxc3 24. bxc3 g5 25. Kf1 Kf7 26. Ke2 Ke7
27. d4 Kd6 28. Kd3 b5 29. f3 a6 30. Kc2 Kc7 31. Kb3 Kb7 32. Ka3 Kc7 33. Kb3 Kb7
34. c4 Kb6 35. c5+ Kb7 36. Kb4 Kc7 37. a3 Kb7 38. Ka5 Ka7 39. Kb4 Kb8 1/2-1/2

[Event "XXXIV Memorial Edoardo Crespi A"]
[Site "Milano ITA"]
[Date "2013.12.08"]
[Round "6"]
[White "Piantoni, Pierino"]
[Black "Dogic, Mirhad"]
[WhiteElo "1898"]
[BlackElo "1801"]
[Result "1-0"]
[PlyCount "131"]
[EventDate "2013.12.04"]

1. c4 f5 2. Nc3 Nf6 3. d3 e6 4. e4 Be7 5. e5 Ng4 6. d4 Bg5 7. f4 Be7 8. Be2 Bb4
9. Nf3 Na6 10. h3 Nh6 11. Be3 d5 12. cxd5 Bxc3+ 13. bxc3 Qxd5 14. O-O c6 15.
Qd2 Nc7 16. c4 Qd8 17. Bf2 O-O 18. Bh4 Qd7 19. Qb4 Nf7 20. Rfd1 h6 21. Rd2 b6
22. a4 Na6 23. Qa3 Bb7 24. Rad1 Nc7 25. Rb1 Kh7 26. Bd1 Rg8 27. Qe3 b5 28. Bc2
a5 29. g4 g6 30. Bf6 Ne8 31. g5 Nxf6 32. exf6 h5 33. axb5 cxb5 34. Ne5 Nxe5 35.
Qxe5 Qc6 36. d5 exd5 37. cxd5 Qc5+ 38. Qd4 Qxd4+ 39. Rxd4 b4 40. Re1 Rge8 41.
Re7+ Rxe7 42. fxe7 Kg7 43. Ba4 Kf7 44. d6 b3 45. Bxb3+ Ke8 46. Ba4+ Kf7 47. Kf2
Rb8 48. Ke3 h4 49. Rd2 Be4 50. e8=Q+ Rxe8 51. Bxe8+ Kxe8 52. Kd4 a4 53. Ke5 Kd7
54. Kf6 Bb1 55. Rb2 Be4 56. Ra2 Bc6 57. Kxg6 Kxd6 58. Kxf5 Ke7 59. Kg6 Kf8 60.
f5 Kg8 61. Kf6 Kf8 62. Rc2 Bd7 63. Rd2 Ke8 64. g6 Bb5 65. Rd4 a3 66. g7 1-0

[Event "XXXIV Memorial Edoardo Crespi A"]
[Site "Milano ITA"]
[Date "2013.12.08"]
[Round "6"]
[White "Prevedello, Daniele"]
[Black "Monticone, Sonia"]
[WhiteElo "1769"]
[BlackElo "1830"]
[Result "0-1"]
[PlyCount "88"]
[EventDate "2013.12.04"]

1. d4 Nf6 2. c4 c5 3. Nf3 e6 4. Nc3 cxd4 5. Nxd4 a6 6. e4 Qc7 7. a3 d6 8. Be3
Nbd7 9. Be2 b6 10. Rc1 Bb7 11. f3 Be7 12. O-O O-O 13. Qd2 Rac8 14. Rfd1 Rfd8
15. Nb3 Qb8 16. Bf4 Ne5 17. Qe3 Nxc4 18. Bxc4 Rxc4 19. Qxb6 e5 20. Bg3 Nh5 21.
Na5 Rc7 22. Bf2 Nf4 23. Kf1 Rdc8 24. Be3 Ne6 25. Ne2 Nc5 26. Nc3 Nd7 27. Qb3
Qa8 28. Nxb7 Rxb7 29. Qa2 Qb8 30. b4 Bf8 31. Nd5 Rd8 32. Rc6 a5 33. Bd2 axb4
34. Bxb4 Ra7 35. Rdc1 Nc5 36. Rb6 Qa8 37. Bxc5 dxc5 38. Rc3 Ra4 39. Rb2 Qa5 40.
Qb3 Qa6+ 41. Kf2 c4 42. Qc2 Bxa3 43. Rb1 Bc5+ 44. Kf1 Bd4 0-1

[Event "XXXIV Memorial Edoardo Crespi A"]
[Site "Milano ITA"]
[Date "2013.12.08"]
[Round "6"]
[White "Ranfagni, Stefano"]
[Black "Podetti, Davide"]
[WhiteElo "2015"]
[BlackElo "1802"]
[Result "1/2-1/2"]
[PlyCount "88"]
[EventDate "2013.12.04"]

1. e4 e5 2. Nf3 Nc6 3. Bb5 a6 4. Ba4 Nf6 5. Qe2 b5 6. Bb3 Be7 7. c3 d6 8. h3
Na5 9. Bc2 c5 10. O-O O-O 11. Rd1 Qc7 12. d4 Re8 13. d5 c4 14. Nbd2 Bf8 15. Nf1
h6 16. Ng3 g6 17. Be3 Nb7 18. a4 Bd7 19. Nh2 Kh7 20. Ng4 Ng8 21. Qd2 Qd8 22.
Rf1 Bxg4 23. hxg4 Qh4 24. g5 hxg5 25. Bxg5 Bh6 26. Bxh4 Bxd2 27. Ne2 Kg7 28.
Rfd1 Bh6 29. Bg3 Nc5 30. f3 Be3+ 31. Bf2 Bxf2+ 32. Kxf2 Reb8 33. Rdb1 Ne7 34.
Nc1 g5 35. axb5 axb5 36. Ne2 Rxa1 37. Rxa1 b4 38. Ra7 b3 39. Bxb3 Rxb3 40. Rxe7
Nd3+ 41. Ke3 Nxb2 42. Rd7 Nd1+ 43. Kd2 Nf2 44. Ke3 Nd1+ 1/2-1/2

[Event "XXXIV Memorial Edoardo Crespi A"]
[Site "Milano ITA"]
[Date "2013.12.08"]
[Round "6"]
[White "Rossi, Giampiero"]
[Black "Brambilla, Luca Massimo"]
[WhiteElo "1900"]
[BlackElo "1704"]
[Result "0-1"]
[PlyCount "54"]
[EventDate "2013.12.04"]

1. d4 Nf6 2. c4 e6 3. Nc3 Bb4 4. Qc2 Nc6 5. Nf3 O-O 6. e3 d6 7. Be2 Qe7 8. O-O
Bxc3 9. bxc3 b6 10. a4 Na5 11. Ba3 c5 12. Rfd1 Ba6 13. Nd2 e5 14. Bb2 e4 15.
Bf1 Rae8 16. Rab1 Ng4 17. h3 Nh6 18. Bc1 f5 19. g3 g5 20. Qa2 f4 21. Nb3 fxg3
22. fxg3 Rxf1+ 23. Kxf1 Bxc4+ 24. Kg2 Rf8 25. Bd2 Qf7 26. Be1 Qf1+ 27. Kh2 Ng4+
0-1

[Event "XXXIV Memorial Edoardo Crespi A"]
[Site "Milano ITA"]
[Date "2013.12.08"]
[Round "6"]
[White "Saffioti, Cristian"]
[Black "Bonassi, Tommaso"]
[WhiteElo "1887"]
[BlackElo "1970"]
[Result "1-0"]
[PlyCount "69"]
[EventDate "2013.12.04"]

1. e4 c5 2. Nc3 a6 3. Nf3 d6 4. d4 cxd4 5. Nxd4 Nf6 6. f3 e6 7. Be3 Be7 8. Qd2
O-O 9. O-O-O b5 10. g4 Nfd7 11. h4 Ne5 12. Be2 Qa5 13. Nb3 Qc7 14. g5 Nbd7 15.
f4 Nc4 16. Bxc4 bxc4 17. Nd4 Rd8 18. f5 Ne5 19. f6 Bf8 20. Rhg1 g6 21. h5 Rb8
22. hxg6 fxg6 23. Qh2 Qb7 24. Kd2 Qf7 25. Kc1 Rd7 26. Bf4 Rdb7 27. Bxe5 dxe5
28. Nc6 Rxb2 29. Nxb8 Rxb8 30. Qxe5 Qa7 31. f7+ Kxf7 32. Rgf1+ Ke8 33. Rxf8+
Kxf8 34. Qf6+ Ke8 35. Rd8# 1-0

[Event "XXXIV Memorial Edoardo Crespi A"]
[Site "Milano ITA"]
[Date "2013.12.08"]
[Round "6"]
[White "Spirliadis, Achileas"]
[Black "Marincolo, Piercarlo"]
[WhiteElo "2053"]
[BlackElo "1905"]
[Result "1-0"]
[PlyCount "101"]
[EventDate "2013.12.04"]

1. e4 d5 2. exd5 Qxd5 3. Nf3 c6 4. Be2 Nf6 5. O-O Bf5 6. c4 Qd8 7. d4 e6 8. Nc3
Bd6 9. Qb3 Qb6 10. c5 Qxb3 11. axb3 Bc7 12. b4 O-O 13. b5 Nbd7 14. bxc6 bxc6
15. Ra6 Nb8 16. Ra3 Nbd7 17. b4 Ne4 18. b5 Nxc3 19. Rxc3 Be4 20. Bg5 Rfb8 21.
Nd2 Bd5 22. bxc6 Bxc6 23. Bf3 Bxf3 24. Nxf3 Rb5 25. g3 a5 26. Ra1 Kf8 27. Bf4
Bxf4 28. gxf4 Nf6 29. f5 Nd5 30. Rca3 exf5 31. Ne5 Nb4 32. Rc1 f6 33. Nc4 Nd5
34. Rca1 Rb4 35. Ra4 Rab8 36. Nxa5 Nf4 37. Rxb4 Rxb4 38. Nc6 Rc4 39. Re1 Rc2
40. Rb1 Ke8 41. h4 Kd7 42. Na7 Kc7 43. c6 Kd6 44. Rb7 Nd5 45. Rxg7 h5 46. Rh7
Ra2 47. Rd7+ Ke6 48. Rxd5 Rxa7 49. Rc5 Rc7 50. Kg2 Kd6 51. Kf3 1-0

[Event "XXXIV Memorial Edoardo Crespi A"]
[Site "Milano ITA"]
[Date "2013.12.08"]
[Round "6"]
[White "Tagliaferri, Valerio"]
[Black "Saffioti, Massimo"]
[WhiteElo "1874"]
[BlackElo "1923"]
[Result "1-0"]
[PlyCount "73"]
[EventDate "2013.12.04"]

1. d4 Nf6 2. c4 c5 3. e3 e6 4. Nc3 d5 5. Nf3 Nc6 6. cxd5 exd5 7. Be2 Bf5 8. O-O
c4 9. Nh4 Be6 10. Nf3 a6 11. a4 Na5 12. Nd2 Bb4 13. Qc2 O-O 14. b3 cxb3 15.
Nxb3 Rc8 16. Nc5 Qc7 17. Bd2 Bxc5 18. dxc5 Qxc5 19. Qb2 Nc4 20. Bxc4 Qxc4 21.
Rac1 Qd3 22. Rfd1 Qg6 23. Ne2 Ne4 24. Be1 Qf6 25. Qxb7 Rb8 26. Qxa6 Rb2 27. f3
Ng5 28. Nd4 Qg6 29. Rd2 Rb3 30. Qe2 Rbb8 31. h4 Nh3+ 32. Kh2 f5 33. gxh3 Qf6
34. Bg3 Rbe8 35. Rc6 g5 36. hxg5 Qf7 37. Bd6 1-0

[Event "XXXIV Memorial Edoardo Crespi A"]
[Site "Milano ITA"]
[Date "2013.12.08"]
[Round "6"]
[White "Ventura, Salvatore"]
[Black "Montilli, Vincenzo"]
[WhiteElo "2024"]
[BlackElo "2039"]
[Result "1-0"]
[PlyCount "59"]
[EventDate "2013.12.04"]

1. e4 c5 2. Nc3 g6 3. g3 Bg7 4. Bg2 Nc6 5. d3 d6 6. Be3 e6 7. Qd2 Nge7 8. Bh6
O-O 9. h4 f5 10. h5 Rf7 11. hxg6 hxg6 12. Bxg7 Rxg7 13. Nf3 Nd4 14. O-O-O Bd7
15. Ng5 e5 16. Rh2 Ne6 17. Rdh1 Kf8 18. Nd5 Ng8 19. f4 Nxg5 20. fxg5 Be6 21.
Rh8 Bxd5 22. exd5 Qe7 23. c3 Rc8 24. Kb1 Rc7 25. d4 cxd4 26. cxd4 e4 27. Qf4
Rc8 28. g4 Rf7 29. Qh2 Qc7 30. Rxg8+ 1-0

[Event "XXXIV Memorial Edoardo Crespi A"]
[Site "Milano ITA"]
[Date "2013.12.08"]
[Round "6"]
[White "Villalba, Fernando"]
[Black "D'Agostino, Maurizio"]
[WhiteElo "1835"]
[BlackElo "2024"]
[Result "1-0"]
[PlyCount "81"]
[EventDate "2013.12.04"]

1. d4 Nf6 2. Nf3 d6 3. Bf4 Bg4 4. e3 Nbd7 5. Be2 h6 6. h3 Bh5 7. c3 c6 8. Nbd2
Qc7 9. a4 Bg6 10. O-O e5 11. dxe5 Nxe5 12. Nxe5 dxe5 13. Bh2 O-O-O 14. Qc1 Bd6
15. Nc4 Rhe8 16. Rd1 Nd5 17. Bf3 Nb6 18. Nxd6+ Rxd6 19. b4 f6 20. c4 Rxd1+ 21.
Bxd1 Bd3 22. Bb3 Qf7 23. c5 Qxb3 24. cxb6 axb6 25. Ra3 Qd5 26. a5 Rd8 27. axb6
Ba6 28. Ra1 Qb5 29. Qb1 Qxb6 30. Qf5+ Kb8 31. Bg3 Qxb4 32. f4 Qb2 33. Rb1 Qd2
34. fxe5 Qxe3+ 35. Kh2 Bd3 36. Qe6 fxe5 37. Bxe5+ Ka8 38. Ra1+ Ba6 39. Rxa6+
bxa6 40. Qxc6+ Ka7 41. Qc7+ 1-0

[Event "XXXIV Memorial Edoardo Crespi A"]
[Site "Milano ITA"]
[Date "2013.12.08"]
[Round "6"]
[White "Virzi, Ettore"]
[Black "Sannino, Raffaele"]
[WhiteElo "1973"]
[BlackElo "2018"]
[Result "0-1"]
[PlyCount "116"]
[EventDate "2013.12.04"]

1. e4 c5 2. Nf3 g6 3. d4 cxd4 4. Nxd4 Bg7 5. c4 d6 6. Be2 Nc6 7. Be3 Nf6 8. Nc3
O-O 9. O-O Bd7 10. Qd2 Nxd4 11. Bxd4 Bc6 12. f3 a5 13. Rfd1 Nd7 14. Be3 a4 15.
Rac1 Nc5 16. Bf1 Qb6 17. Kh1 Rfc8 18. Qf2 Qb4 19. Bd4 Bh6 20. Rc2 Ne6 21. a3
Qa5 22. Nb5 Bxb5 23. Bc3 Qc7 24. cxb5 Qc5 25. Rd5 Qxf2 26. Rxf2 Bg7 27. Rc2 Rc7
28. g3 Rac8 29. Rd3 Nd4 30. b6 Rc6 31. Rg2 e5 32. f4 Rxb6 33. Bxd4 exd4 34. Rd1
Rb3 35. Bd3 b5 36. Rgd2 b4 37. axb4 Rxb4 38. Bf1 Rcb8 39. Ra1 d3 40. e5 dxe5
41. Bxd3 exf4 42. Rf1 Bxb2 43. Bb1 Be5 44. Ba2 Kg7 45. gxf4 Bxf4 46. Rd7 Rf8
47. Ra7 g5 48. Bd5 Kg6 49. Bc6 Rc8 50. Bd5 Rc2 51. Bxf7+ Kf6 52. h4 Rh2+ 53.
Kg1 Rxh4 54. Be8 Rb2 55. Rf7+ Ke5 56. Re1+ Kd4 57. Rd1+ Kc3 58. Bxa4 Be3+ 0-1

[Event "XXXIV Memorial Edoardo Crespi A"]
[Site "Milano ITA"]
[Date "2013.12.08"]
[Round "7"]
[White "Barberi, Alessandro"]
[Black "Ventura, Salvatore"]
[WhiteElo "2041"]
[BlackElo "2024"]
[Result "1/2-1/2"]
[PlyCount "96"]
[EventDate "2013.12.04"]

1. d4 d5 2. Nf3 Nf6 3. e3 c6 4. b3 Bg4 5. Bb2 e6 6. Be2 Bd6 7. Nbd2 O-O 8. O-O
Nbd7 9. Ne5 Bxe2 10. Qxe2 Ne8 11. f4 f6 12. Nd3 f5 13. Ne5 Nef6 14. h3 Ne4 15.
Nxe4 fxe4 16. g4 Qe7 17. Rf2 Nxe5 18. dxe5 Bc5 19. Kh2 a5 20. a4 b5 21. Bd4
Bxd4 22. exd4 Qb4 23. Qe3 c5 24. dxc5 Rac8 25. axb5 Qxb5 26. Kg3 Rxc5 27. f5
Qc6 28. Qg5 h6 29. Qg6 Qe8 30. Qxe8 Rxe8 31. f6 Rf8 32. b4 Rc3+ 33. Kg2 axb4
34. f7+ Kh7 35. Ra6 e3 36. Re2 Rxf7 37. Rxe6 d4 38. Rd6 Rc4 39. e6 Re7 40. Kf3
Kg6 41. Ke4 Kf6 42. Rxd4 Rxe6+ 43. Kd5 Rcc6 44. Rxb4 Rcd6+ 45. Kc5 Rd2 46. Rxd2
exd2 47. Rd4 Re5+ 48. Kc6 Re6+ 1/2-1/2

[Event "XXXIV Memorial Edoardo Crespi A"]
[Site "Milano ITA"]
[Date "2013.12.08"]
[Round "7"]
[White "Bonassi, Tommaso"]
[Black "Bisignano, Giuseppe"]
[WhiteElo "1970"]
[BlackElo "1922"]
[Result "1-0"]
[PlyCount "73"]
[EventDate "2013.12.04"]

1. e4 e5 2. Nf3 Nc6 3. Bc4 Nf6 4. d3 Bc5 5. c3 h6 6. Bb3 d6 7. Nbd2 O-O 8. Nf1
Ng4 9. Ne3 Nxe3 10. Bxe3 Bg4 11. h3 Bh5 12. g4 Bg6 13. Qe2 Qe7 14. O-O-O a5 15.
h4 a4 16. Bc2 Bxe3+ 17. Qxe3 h5 18. Rdg1 f6 19. Nd2 b5 20. a3 Nd8 21. Bd1 Ne6
22. gxh5 Bh7 23. Nf1 Nf4 24. Ng3 d5 25. Nf5 Bxf5 26. exf5 Kh7 27. Rg4 Qd7 28.
Rhg1 Rf7 29. R4g3 c5 30. h6 gxh6 31. d4 cxd4 32. cxd4 Rc8+ 33. Kb1 Qxf5+ 34.
Ka2 Rfc7 35. Bg4 Qc2 36. Bxc8 Nd3 37. Qxd3+ 1-0

[Event "XXXIV Memorial Edoardo Crespi A"]
[Site "Milano ITA"]
[Date "2013.12.08"]
[Round "7"]
[White "Brambilla, Luca Massimo"]
[Black "Cerutti, Fabio Maria"]
[WhiteElo "1704"]
[BlackElo "1772"]
[Result "1/2-1/2"]
[PlyCount "66"]
[EventDate "2013.12.04"]

1. d4 Nf6 2. c4 c5 3. d5 b5 4. cxb5 a6 5. b6 Qxb6 6. Nc3 d6 7. e4 g6 8. Be2 Bg7
9. Nf3 Bb7 10. Nd2 Nbd7 11. Nc4 Qc7 12. O-O O-O 13. f4 Nb6 14. Bd2 Nfd7 15. a4
Nxc4 16. Bxc4 Rfb8 17. a5 Ra7 18. h4 Ba8 19. b3 Bd4+ 20. Kh1 Nf6 21. Qf3 Qd7
22. f5 gxf5 23. exf5 Kh8 24. Rae1 Rg8 25. Bg5 Qd8 26. Ne2 Be5 27. Nf4 Qxa5 28.
Nd3 Bd4 29. Re2 Qd8 30. Rfe1 Bc3 31. Rg1 Bd4 32. Rge1 Bc3 33. Rg1 Bd4 1/2-1/2

[Event "XXXIV Memorial Edoardo Crespi A"]
[Site "Milano ITA"]
[Date "2013.12.08"]
[Round "7"]
[White "Ciciotti, Augusto"]
[Black "Prevedello, Daniele"]
[WhiteElo "1934"]
[BlackElo "1769"]
[Result "0-1"]
[PlyCount "41"]
[EventDate "2013.12.04"]

1. d4 d5 2. Nf3 Nf6 3. c4 c6 4. g3 e6 5. Qc2 Nbd7 6. Bg2 Bd6 7. O-O O-O 8. Rd1
Re8 9. Nc3 dxc4 10. e4 Bf8 11. Ne5 Nxe5 12. dxe5 Nd7 13. Qe2 b5 14. h4 Qb6 15.
Bf4 Nc5 16. Be3 Qc7 17. f4 Bb7 18. Qg4 Rad8 19. Bf3 Nd3 20. Rd2 Qa5 21. Nd1 0-1